000 00594cab a2200253 4500
001 WB3534-02
008 090401t1999 xxu||||| |||| 00| 0 eng d
035 _a(Sirsi) u102
041 _aeng
245 _aEnd of trail for `cowboy` builders
260 _c1999
350 _a0
490 _aBirmingham Post
_v1 September 1999, 20(1)
650 _aACCREDITATION
650 _aCODE OF PRACTICE
650 _aCOWBOY BUILDERS
650 _aDETR
650 _aQUALITY MARK
650 _aREGISTER
650 _aWARRANTY
690 _aBUILT ENVIRONMENT
942 _n0
948 _c01/09/1999
999 _c34
_d34